Score 0/15 Timer 07:00
6 Plays Today
% Correct
Iceberg
98.9%
Pope
94.3%
Population
93.9%
Rockets
93.6%
Nuclear Bomb
93.3%
Periodic Table
93%
Chicago Cubs
92%
Peace
91.7%
% Correct
President
90.9%
Russians
90.8%
Screens
88%
Credit card
87.4%
Electronic
86.6%
Transplantation
81%
Wireless
68.2%
Remove Ads.
Support Sporcle.
Get the best of Sporcle when you Go Orange. This ad-free experience offers more features, more stats, and more fun while also helping to support Sporcle. Thank you for becoming a member.

You're not logged in!

Compare scores with friends on all Sporcle quizzes.
OR
Log In

Show Comments

Extras

Top Quizzes Today


Score Distribution

Your Account Isn't Verified!

In order to create a playlist on Sporcle, you need to verify the email address you used during registration. Go to your Sporcle Settings to finish the process.

Report this User

Report this user for behavior that violates our Community Guidelines.

Details: